000 00238nam a2200097Ia 4500
001 1206049
005 20251009124913.0
008 250824s9999 xx 000 0 und d
245 0 _aKAR KOKUSU
_cAHMET ÜMİT
260 _bEVEREST YAYINLARI
999 _c1206049
_d1206049